| 000 | 00700nam a2200241 a 4500 | ||
|---|---|---|---|
| 999 |
_c121296 _d121296 |
||
| 003 | UPN | ||
| 005 | 20240228063903.0 | ||
| 008 | 070206s1993 ag r 000 0 spa d | ||
| 020 | _a9501108783 | ||
| 035 | _aUPN01000149155 | ||
| 040 |
_aUPN _bspa _cUPN |
||
| 049 | _aI | ||
| 050 | 4 |
_aAG61 _bB3.4 |
|
| 100 | 1 |
_aBaxter, Nicola _934646 |
|
| 245 | 1 | 0 |
_aEnciclopedia / _cNicola Baxter ; il. Peter Bull ; tr. Graciela P. de Toretti. |
| 260 |
_aBuenos Aires : _bSigmar, _c[1993]. |
||
| 300 |
_a16 p. : _bil. col. |
||
| 440 | 0 | _aConocer el mundo | |
| 650 | 4 |
_aEnciclopedias y diccionarios infantiles _98587 |
|
| 650 | 4 |
_aLibros y lectura para niƱos _92290 |
|
| 905 | _aInfantil | ||
| 942 |
_2lcc _cLIBRO |
||